000 00981nam a22002777i 4500
003 URS
005 20241111232114.0
008 160816b xxu||||| |||| 00| 0 eng d
020 _a9719298154
040 _erda
_cURS
_bEnglish
050 _aPN524
_b.T71 2004
245 _aA Treasury of World literature /
_cJesus Q. Cruz...[and five others].
264 1 _aMandaluyong City :
_bBooks Atbp. Publishing Corporation,
_c©2004.
300 _axiv, 428 pages ;
_c22 cm.
336 _atext
_btxt
_2rdacontent
337 _aunmediated
_bn
_2rdamedia
338 _avolume
_bnc
_2rdacarrier
650 _vHistory and criticism.
_aLiterature
700 _aCruz, Jesus Q.,
_91202
_eeditor.
700 _aPalencia, Marjueve M.,
_91204
_eeditor.
700 _aValeza, Ariel R.,
_91205
_eeditor.
700 _aSolmerano, Ernesto Jude Thaddeus M.,
_91206
_eeditor.
700 _aOndevilla, Miel Kristian B.,
_91203
_eeditor.
700 _aDelos Reyes, Herbert D.,
_91207
_eeditor.
942 _2lcc
_cF
999 _c10092
_d10092